MARC

LEADER 00000nam0a2200000 4500
001 256240
005 20231101233110.0
035 |a (RuTPU)RU\TPU\book\278896 
090 |a 256240 
100 |a 20140407d1971 m y0rusy50 ca 
101 0 |a rus 
102 |a RU 
105 |a a j 001zy 
200 1 |a Гидравлика  |e учебник  |f А. А. Угинчус, Е. А. Чугаева 
210 |a Ленинград  |c Стройиздат  |d 1971 
215 |a 350 с.  |c ил. 
320 |a Библиография в конце глав. 
606 1 |a Гидравлика  |2 stltpush  |3 (RuTPU)RU\TPU\subj\6462  |9 34344 
610 1 |a жидкости 
610 1 |a свойства 
610 1 |a гидростатика 
610 1 |a пьезометры 
610 1 |a гидростатическое давление 
610 1 |a гидравлические машины 
610 1 |a закон Архимеда 
610 1 |a гидродинамика 
610 1 |a уравнения 
610 1 |a гидравлические сопротивления 
610 1 |a число Рейнольдса 
610 1 |a жидкости 
610 1 |a турбулентное движение 
610 1 |a истечение 
610 1 |a отверстия 
610 1 |a насадки 
610 1 |a трубопроводы 
610 1 |a вода 
610 1 |a безнапорное движение 
610 1 |a открытые русла 
610 1 |a гидравлический прыжок 
610 1 |a водосливы 
610 1 |a бьефы 
610 1 |a расчет 
610 1 |a гидравлические явления 
610 1 |a моделирование 
610 1 |a грунтовые воды 
610 1 |a гидротранспорт 
610 1 |a учебники 
675 |a 532(075.8)  |v 3 
700 1 |a Угинчус  |b А. А.  |g Александр Антонович 
701 1 |a Чугаева  |b Е. А.  |g Екатерина Александровна 
801 1 |a RU  |b 63413507  |c 20140407 
801 2 |a RU  |b 63413507  |c 20140828  |g RCR 
942 |c BK